Príspevok k štúdiu tradičnej kultúry ukrajinských Slovákov

Bibliographic Details
Main Author: Benža, Mojmír, 1941- (Author)
Format: Article
Language:Slovak
ISBN:8088841097
Subjects:

MARC

LEADER 00000nab a2200000 a 4500
001 vtls000719675
003 SK-MaSNL
005 20260302195001.0
008 161006c1998 xo 0 slo
015 |a SNBRA2000/04-10681 
035 |a CLN000071842 
040 |a SNKBUCL  |b slo  |c SNKBUCL  |e AACR2 
041 0 |a slo 
044 |a xo  |c SK 
080 |a 398.1(477.87=854)  |2 1997 
080 |a 008(=854)(477.87)  |2 1997 
080 |a 323.113(=854)(477.87)  |2 1997 
100 1 |a Benža, Mojmír,  |d 1941-  |4 aut  |9 190566 
245 1 0 |a Príspevok k štúdiu tradičnej kultúry ukrajinských Slovákov  |c Mojmír Benža 
504 |a Bibliogr. odkazy 
650 0 7 |a kultúra ľudová slovenská  |z Zakarpatská Ukrajina (Ukrajina)  |2 snkbucl  |9 915835 
651 7 |a Zakarpatská Ukrajina (Ukrajina)  |x kultúra ľudová slovenská  |2 snkbucl  |9 915836 
655 7 |a články zo zborníkov  |2 snkbucl  |9 166140 
773 0 |w SK01SNK19980298678  |z 8088841097  |t Slováci na Zakarpatskej Ukrajine  |d Bratislava : Dom zahraničných Slovákov, 1998  |g S. 59-63 
850 |a Slovenská národná knižnica v Martine 
852 |a SNK  |b KIS3GCP 
958 |a SK 
958 |a NB 
958 |a UA 
999 |c 1450867  |d 1452797